| 000 | 00000cas 2200000zi 4500 |
| 001 | 9.915570 |
| 003 | CaOODSP |
| 005 | 20260504135936 |
| 006 | m o d f |
| 007 | cr ||||||||||| |
| 008 | 220921c20199999oncmr p o f0###b0fre|d |
| 022 | |a2816-9379 |
| 040 | |aCaOODSP|bfre|erda|cCaOODSP |
| 043 | |an-cn--- |
| 086 | 1 |aCP12-4F-PDF |
| 222 | 0|aCollecte continue de données qualitatives sur les opinions des Canadiens ... |
| 245 | 00|aCollecte continue de données qualitatives sur les opinions des Canadiens ... : |brapport final. |
| 264 | 1|a[Ottawa] : |bGouvernement du Canada = Government of Canada, |c[2019]- |
| 310 | |aMensuel |
| 336 | |atexte|btxt|2rdacontent/fre |
| 337 | |ainformatique|bc|2rdamedia/fre |
| 338 | |aressource en ligne|bcr|2rdacarrier/fre |
| 362 | 1 |aParaît depuis : juillet 2019. |
| 500 | |aPublié aussi en anglais sous le titre : Continuous qualitative data collection of Canadians' views. |
| 500 | |a« Numéro de contrat : 35035-182346/001/CY. » |
| 500 | |a« Numéro d'enregistrement : POR-005-19. » |
| 500 | |aComprend des rapports finals et les sommaires. |
| 546 | |aTexte principalement en français; comprend du texte en anglais. |
| 550 | |aRédigé pour le compte du Bureau du Conseil privé par The Strategic Counsel. |
| 588 | |aDescription d'après: juillet 2019. |
| 588 | |aDernière parution consultée: juillet et août 2021. |
| 650 | 6|aSondages d'opinion|zCanada|vPériodiques. |
| 655 | 7|aPériodiques|2rvmgf |
| 710 | 1 |aCanada. |bBureau du Conseil privé, |eorganisme de publication. |
| 710 | 2 |aStrategic Counsel (Firme), |econsultant. |
| 775 | 08|tContinuous qualitative data collection of Canadians' views ... : |w(CaOODSP)9.915571 |